| 000 | 01156cgm a2200253 a 4500 | ||
|---|---|---|---|
| 003 | SA-RiAUC | ||
| 005 | 20260106130153.0 | ||
| 007 | hd b|u uuuu | ||
| 008 | 260104s1739 |||--- g a fnara c | ||
| 040 |
_aSA-JeALM _bara _cSA-RiAUC _erda |
||
| 082 | 0 | 4 | _a253.901 |
| 090 |
_a253.901 _bع ل ي |
||
| 100 | 1 |
_aعلي القاري، علي بن محمد الهروي، _cالملا، _dتوفي 1014 هجري. |
|
| 245 | 1 | 0 |
_aفيض الفائض لشرح روض الرائض في مسائل الفرائض _cملا علي بن سلطان محمد الهروي القاري الحنفي ، حققه وعلق عليه أبو معاذ موسى بن يحيى الشريف الفيفي . _h[مصغر] / |
| 246 | 3 | 3 | _aفيض الفائض في شرح روض الرائض |
| 260 | _c[1739] | ||
| 264 |
_aالرياض : _bمكتبة المعارف . _c2012 |
||
| 300 |
_a312 صفحة . _c24 سم . |
||
| 336 |
_aنص _3كتاب |
||
| 650 | 7 |
_aالمواريث (فقه إسلامي) _2aucsh |
|
| 700 |
_aالفيفي، موسى بن يحيى الشريف _eمحقق . |
||
| 942 |
_2ddc _cBOOK _n0 |
||
| 949 |
_aSA-JeALM _d260104 _uosman123 _n1 |
||
| 999 |
_c13918 _d13918 |
||